000 00505nam a2200193Ia 4500
999 _c31764
_d31764
001 31689
003 PK-LaUMT
005 20220902154456.0
008 140416s9999 xx 000 0 und d
020 _a0-8213-5042-0
040 _cPK-LaUMT
082 _aW 300.72
_bWOR-W
110 _aWorld Bank
245 4 _aThe world bank research program
_babstracts of current studies
_cWorld Bank
260 _aWashington,USA:
_bWorld Bank,
_c2001
300 _a180 p.
546 _aEN
942 _cWEEDED OUT
_2ddc